MDQL
is popping MORE tags! Check the
thread
!
Quizzes
Events
Quiz Creation
Community
Videos
Private Events
Remove Ads
Sign In
Join for FREE
Feedback
Dark Mode
Quiz Categories
Sports
Geography
Music
Movies
Television
Just For Fun
Miscellaneous
History
Literature
Language
Science
Gaming
Entertainment
Religion
Holiday
For Kids
Quiz Lab
Recent
Popular Today
Quiz Kudos Today
Editor Picks
Curator Picks
Quizzes by...
Day
Popularity
Type
Ratings
Length
Year
Community
Subscriptions
Recent Discussions
Orange Saloon
Badges
Playlists
Quests
Create
Leaderboards
Showdown
Live 5
Trivia Bingo
Activity
Puzzle Library
Sporcle Events
Private Events
Virtual Trivia
Globe League
Become a Host
Pub Owners
SporcleCon
Opinionation
Our Games
Videos
Blog
Mobile Apps
Partnerships
Remove Ads and Go Orange
Feedback
Sports
Athletes
MLB
NBA
NHL
NFL
Soccer
Sports Teams
WWE
NCAA
Football
Premier League
Basketball
Baseball
Hockey
Golf
Tennis
Cricket
Rugby
Auto Racing
Olympics
World Cup
Sports
Athletes
MLB
NBA
NHL
NFL
Soccer
Sports Teams
WWE
NCAA
Football
Premier League
Basketball
Baseball
Hockey
Golf
Tennis
Cricket
Rugby
Auto Racing
Olympics
World Cup
Random Quiz
Search Sporcle
×
Quiz Lab
Quiz Lab
Sports
Letter
Type in answers that appear in a list
Type in answers that appear in a list
Classic
Best Score? Go Orange.
Super League's Longest Surnames 2012 Stats
Can you name the Super League's Longest Surnames 2012?
By
Deano09
10m
43 Questions
19 Plays
19 Plays
19 Plays
Comments
Comments
Give Quiz Kudos
Give Quiz Kudos
-
- Ratings
hide this ad
More Info
Replay
Link that replays current quiz
Next Quiz
Link to next quiz in quiz playlist
You Got
0%
They Got
Avg Score
37%
Avg Friend Score
Upgrade to see
Score Distribution
Jump to the score distribution portion of the page
Score
0/43
Timer
10:00
0
Plays Today
Club
Player
% Correct
Leeds Rhinos
Jamie Jones-Buchanan
73.7%
St Helens
Louie McCarthy-Scarsbrook
63.2%
Leeds Rhinos
Ben Jones-Bishop
63.2%
Warrington Wolves
Trent Waterhouse
52.6%
Hull KR
Shannon McDonnell
47.4%
Hull KR
Rhys Lovegrove
42.1%
Catalans Dragons
Clint Greenshields
42.1%
Widnes Vikings
Frank Winterstein
42.1%
Castleford Tigers
Nick Youngquest
42.1%
Castleford Tigers
Grant Millington
42.1%
Huddersfield Giants
Jermain McGillvary
42.1%
Hull KR
Jason Netherton
42.1%
London Broncos
Michael Robertson
42.1%
Warrington Wolves
James Saltonstall
36.8%
Widnes Vikings
Steve Pickersgill
36.8%
Bradford Bulls
Manese Manuokafoa
36.8%
Castleford Tigers
Ryan McGoldrick
36.8%
Leeds Rhinos
Ryan Kettlewell
36.8%
Salford City Reds
Iafeta Palea'asina
36.8%
St Helens
Anthony Laffranchi
36.8%
Catalans Dragons
Eloi Pelissier
36.8%
London Broncos
Dan Sarginson
36.8%
Club
Player
% Correct
Salford City Reds
Jodie Broughton
36.8%
Warrington Wolves
Ben Hellewell
36.8%
Warrington Wolves
Brooke Broughton
36.8%
Wakefield Trinity Wildcats
Danny Washbrook
36.8%
Wigan Warriors
Sean O'Loughlin
36.8%
Bradford Bulls
Bryn Hargreaves
31.6%
Hull FC
Liam Cunningham
31.6%
Salford City Reds
Daniel Holdsworth
31.6%
Bradford Bulls
Shaun Ainscough
31.6%
Bradford Bulls
James Donaldson
31.6%
Bradford Bulls
Heath L'Estrange
31.6%
Catalans Dragons
Ian Henderson
31.6%
Hull FC
Martin Aspinwall
31.6%
Wakefield Trinity Wildcats
Ali Lauitiiti
31.6%
Hull FC
Joe Westerman
28.6%
Warrington Wolves
James Laithwaite
26.3%
Huddersfield Giants
Matthew Sarsfield
26.3%
Salford City Reds
Shannon McPherson
26.3%
St Helens
Joe Greenwood
26.3%
Warrington Wolves
Stefan Ratchford
26.3%
Bradford Bulls
Elliott Whitehead
21.1%
Quiz Playlist
Details
Report
Send in Message
Add To Playlist
More Info:
Can you name the Super League players with the longest surnames from the 2012 squads, minimum of 9 letters
Classic:
Type in answers that appear in a list
Last Updated: Feb 16, 2017
Quiz Scoreboard
CHALLENGE
Sign Up to Join the Scoreboard
Show All
Scores
Hide
Comments
May contain spoilers
Recently Published
Image Sorting: Flags VI
by Barbecue
Geography
2m
Find the 'City' Movie
by crazypaving
Movies
60s
Colored Red Africa Blitz
by spor1
Geography
45s
More to Explore
Quiz From the Vault
Featured Blog Post
14 Easter Pick-up Lines to Find Eggs With
hide this ad
You Might Also Like...
Tags
Letter Quiz
2012
club
League
longest
Player
Super League
Surname
Today's Top Quizzes in Sports
Browse Sports
hide this ad
Today's Top Quizzes in Letter
Browse Letter
Top Contributed Quizzes in Sports
1
Les meilleurs buteurs des matchs entre le PSG et l’OM
2
Les entraîneurs de l'OM et du PSG au 21e siècle
3
Les joueurs passés par le PSG et l'OM
4
2022 World Cup Stars
5
Players with Multiple 50 Home Run Seasons
6
Criteria MLB: Left Handed Sluggers
7
Les joueurs passés par le LOSC et le RC Lens
8
NBA Logic Puzzle 2.0
9
MLB Players with Two .350 Batting Average Seasons
10
FIFA Club World Cup Champions
Explore More
Trending Topics
Disney
NBA
Crossword
Marvel
Harry Potter
Anime
Kpop
Song
Soccer
NFL
The Office
Puzzle
Country
WWE
Pokémon
hide this ad
More By:
Deano09
Quiz
Plays
Rating
Category
Featured
Created
Premier League Double Letter Surnames
3,644
3.91
Sports
Mar 2, 2012
Hull FC Super League
653
4.00
Sports
Mar 7, 2012
Wigan Warriors Players 2000-2011
579
5.00
Sports
Mar 6, 2012
Leeds Rhinos Super League 2000-Present
497
Sports
Apr 3, 2012
Man Utd Premier League Scorers
468
1.00
Sports
Mar 12, 2012
Go to Creator's Profile
Score Distribution
Quiz Creator Spotlight
Deano09
Follow
Send a Message
Quizzes Created
-
Created Quiz Play Count
-
More By This Creator
Popular Quizzes Today
1
Colored Red Africa Blitz
2
Find the US States - No Outlines Minefield
3
Find the 'City' Movie
4
5x2 Blitz: Bands
5
The Countries of the World
6
Find the US States
7
Find the Countries of Europe - No Outlines Minefield
8
US States
More Sports Quizzes
NBA Venn Diagram: Johnsons
Editor's Pick
Trending Quizzes
Colored Red Europe Blitz I
Colored Red Europe Blitz II
Colored Red Africa Blitz II
Colored Red Europe Blitz III
Colored Red Africa Blitz III
Recently Updated
How Do You Spell That?
pecheneg
Godzilla Movies
pecheneg
Grab Bag: 4-10 Letters
pecheneg
2024 March Madness Bracket
pecheneg
Famous TV Couples
Peacemaker
Champions League XIs: Real Madrid
pecheneg
Largest US Cities 1790-2010
pecheneg
Rides in Walt Disney World
pecheneg
Most Oscar Losses (Acting)
pecheneg
Beyoncé Albums
pecheneg
Trending Topics
Crossword
Harry Potter
Marvel
Anime
NBA
Kpop
Disney
Song
Soccer
NFL
The Office
Country
WWE
Pokémon
Puzzle
Your Account Isn't Verified!
In order to create a playlist on Sporcle, you need to verify the email address you used during registration. Go to your
Sporcle Settings
to finish the process.
Report this User
Report this user for behavior that violates our
Community Guidelines
.
Details:
Send Report
Go to the Sporcle.com Mobile Site →
Comments